Assyria and the West

Saved in:

Other Authors: van der Veen, Pieter (Editor), Wallenfels, Ronald (Editor), James, Peter (Contributor)

Format: Book

Published: Oxford Archaeopress Publishing Ltd 2025

Tags: Add Tag

No Tags, Be the first to tag this record!

Call Number:

LEADER 00718namaa2200193 4500
001 9781803279893
003 UkOxAP
005 20260405155017.0
020 |a 9781803279909 
776 1 |x 9781803279893 
245 0 0 |a Assyria and the West 
100 1 |a van der Veen, Pieter  |e Editor  |l English 
700 1 |a Wallenfels, Ronald  |e Editor  |l English 
700 1 |a James, Peter  |e Contributor  |l English 
856 4 2 |a http://library.arce.org:8087/Archaeopress/Products/9781803279909 
260 |a Oxford  |b Archaeopress Publishing Ltd  |c 2025 
270 |a Archaeopress Publishing Ltd, Summertown Pavillion, 18 -24 Middle Way, Summertown  |b Oxford  |d United Kingdom  |e OX2 7LG  |k 44-1865-311914  |m info@archaeopress.com 
942 |2 lcc  |c EBOOK 
999 |c 62116  |d 62116